Dlhodobé prognózy makroekonomického vývoja Slovenskej republiky

Prezentované dlhodobé prognózy vychádzajú zo scenára makroekonomického vývoja SR. Scenár obsahuje dlhodobé prognózy súboru makroekonomických ukazovateľov (ekonomický rast, zahraničný obchod, mzdy, trh práce, vonkajšia a vnútorná rovnováha).

Salvato in:
Dettagli Bibliografici
Autore principale: Šujan, Ivan
Altri autori: Šujanová, Milota
Natura: Capitolo di libro
Lingua:slovacco
Soggetti:
Tags: Aggiungi Tag
Nessun Tag, puoi essere il primo ad aggiungerne!!

MARC

LEADER 00000naa a2200000 4500
001 r042735
005 20230929073806.3
041 0 |a slo 
044 |a SK 
245 1 0 |a Dlhodobé prognózy makroekonomického vývoja Slovenskej republiky  |c Ivan Šujan, Milota Šujanová 
520 |a Prezentované dlhodobé prognózy vychádzajú zo scenára makroekonomického vývoja SR. Scenár obsahuje dlhodobé prognózy súboru makroekonomických ukazovateľov (ekonomický rast, zahraničný obchod, mzdy, trh práce, vonkajšia a vnútorná rovnováha). 
610 2 0 |a makroekonomika 
610 2 0 |a vývoj hospodársky 
610 2 0 |a prognózy dlhodobé 
610 2 0 |a Slovensko 
610 2 0 |a ukazovatele makroekonomické 
610 2 0 |a rast hospodársky 
610 2 0 |a obchod zahraničný 
610 2 0 |a mzdy 
610 2 0 |a trh práce 
610 2 0 |a rovnováha hospodárska 
610 2 0 |a 2001-2006 
100 1 |a Šujan, Ivan 
700 1 |a Šujanová, Milota